| 000 | 00563nam a2200217Ia 4500 | ||
|---|---|---|---|
| 008 | 180920s9999 xx 000 0 und d | ||
| 020 | _a978-1-4555-9555-6 | ||
| 050 | _aREF TG 155.A1 | ||
| 050 | _b.U48 2015 | ||
| 245 | 0 | _aUltimate travelist : | |
| 245 | 4 | _bthe 500 best places on the planet… ranked / | |
| 260 | _aAustralia : | ||
| 260 | _bLonely Planet, | ||
| 260 | _c2015 | ||
| 300 | _a328 pages : | ||
| 300 | _bcolored illustrations ; | ||
| 300 | _c28 cm. | ||
| 500 | _aIncludes index. | ||
| 650 | _aTravel -- General. | ||
| 650 | _xTourism. | ||
| 999 |
_c358813 _d358813 |
||